Statistics for All-Time New Jersey Devils

Click here to take the quiz!

General Stats

  • This quiz has been taken 112 times
  • The average score is 6 of 13

Answer Stats

PositionAnswer% Correct
Starting GoalieBrodeur
98%
1st Line CEliáš
91%
1st Line DefenseStevens
85%
1st Line DefenseNiedermayer
72%
1st Line LWParise
51%
CoachLemaire
38%
2nd Line CGomez
35%
1st Line RWGionta
34%
2nd Line RWLemieux
30%
2nd Line DefenseRafalski
22%
Backup GoalieBurke
19%
2nd Line LWJágr
13%
2nd Line DefenseTverdovsky
1%

Score Distribution

Percentile by Number Answered

Percent of People with Each Score

Your Score History

You have not taken this quiz